| 000 | 00538nam a2200181Ia 4500 | ||
|---|---|---|---|
| 003 | LK-CoDNM | ||
| 008 | 010623t xxu||||| |||| 00| 1 sin d | ||
| 040 |
_aLK-CoDNM _dLK-CoDNM _eLK-CoDNM |
||
| 041 | _asin | ||
| 080 |
_a37 _bPER |
||
| 100 | _aPerera, Nimal Ranjith | ||
| 245 | _aඅතුරු කථා - 20 වන සියවසේ අධ්යාපනය පිළිබඳ | ||
| 246 | _aAthuru katha : 20 wana siyawase adhhyapanaya pilibanda | ||
| 260 | _bAuthor | ||
| 300 | _b8, 21 cm | ||
| 650 | _aEducation | ||
| 942 | _cBK | ||
| 999 |
_c137005 _d137005 |
||